000 00285nam a22001337a 4500
008 260312b ||||| |||| 00| 0 eng d
020 _a9951051464
041 _aeng
080 _a811.18
100 _a41
101 _afjalor
245 _aFjalor
_cAli R. Berisha
942 _2udc
_cBK
999 _c60894
_d60894